|
003 -Nazwa inst., której nr kontr. jest w polu 001 [,]
|
-
- @
- Nazwa instytucji, której n kontrolny jest w polu 001
- NUKAT
|
|
005 -DATA I CZAS OSTATNIEJ MODYFIKACJI [,]
|
-
- @
- pole kontrolne
- 20260409103835.0
|
|
020 -Międzynarod. znormalizowany nr książki - ISBN [ , ]
|
-
- a
- Numer ISBN
- 3446107843
-
|
|
020 -Międzynarod. znormalizowany nr książki - ISBN [ , ]
|
-
- a
- Numer ISBN
- 3446107851
-
|
|
020 -Międzynarod. znormalizowany nr książki - ISBN [ , ]
|
-
- a
- Numer ISBN
- 3446107886
-
|
|
020 -Międzynarod. znormalizowany nr książki - ISBN [ , ]
|
-
- a
- Numer ISBN
- 3446107894
-
|
|
040 -Instytucja sporządzająca opis [ , ]
|
-
- a
- Instytucja, która sporządziła opis (NP)
- OLSZT 003/bak
-
- c
- Instytucja, która sporządziła rekord (NP)
- OLSZT 003/bak
-
- d
- Instytucja, która zmodyfikowała rekord (P)
- SZCZ U/MCs
|
|
942 -Rodzaj dokumentu [ , ]
|
-
- c
- Rodzaj dokumentu
- Książka
|
|
700 -Hasło dodatkowe - nazwa osobowa [1,2]
|
-
- a
- Nazwa osobowa (NP)
- Lessing, Gotthold Ephraim
-
- d
- Daty biograficzne (NP)
- (1729-1781).
-
- t
- Tytuł ujednolicony/tytuł (NP)
- Emilia Galotti
-
- l
- Język tekstu (NP)
- (niem.)
-
|
|
700 -Hasło dodatkowe - nazwa osobowa [1,2]
|
-
- a
- Nazwa osobowa (NP)
- Lessing, Gotthold Ephraim
-
- d
- Daty biograficzne (NP)
- (1729-1781).
-
- t
- Tytuł ujednolicony/tytuł (NP)
- Miss Sara Sampson
-
- l
- Język tekstu (NP)
- (niem.)
-
|
|
700 -Hasło dodatkowe - nazwa osobowa [1,2]
|
-
- a
- Nazwa osobowa (NP)
- Lessing, Gotthold Ephraim
-
- d
- Daty biograficzne (NP)
- (1729-1781).
-
- t
- Tytuł ujednolicony/tytuł (NP)
- Nathan der Weise
-
- l
- Język tekstu (NP)
- (niem.)
-
|
|
700 -Hasło dodatkowe - nazwa osobowa [1,2]
|
-
- a
- Nazwa osobowa (NP)
- Lessing, Gotthold Ephraim
-
- d
- Daty biograficzne (NP)
- (1729-1781).
-
- t
- Tytuł ujednolicony/tytuł (NP)
- Philotas
-
- l
- Język tekstu (NP)
- (niem.)
-
|
|
700 -Hasło dodatkowe - nazwa osobowa [1, ]
|
-
- a
- Nazwa osobowa (NP)
- Eibl, Karl
-
- d
- Daty biograficzne (NP)
- (1940-2014).
-
- e
- Określenie rodzaju współpracy
- Oprac.
-
|
|
700 -Hasło dodatkowe - nazwa osobowa [1, ]
|
-
- a
- Nazwa osobowa (NP)
- Göpfert, Herbert G.
-
- e
- Określenie rodzaju współpracy
- Red.
-
|